| 000 | 00396nam a22001217a 4500 | ||
|---|---|---|---|
| 008 | 240715b |||||||| |||| 00| 0 eng d | ||
| 040 |
_aNational Science Library _cNational Science Library |
||
| 080 |
_aD 002(02)=30 _bJ7 |
||
| 245 | _aHandbuch der technischen dokumenitation und bibliographie | ||
| 260 |
_aZweibruckenstr: _bDokumentation Der Technik, _c1957 |
||
| 300 | _a231p. | ||
| 942 |
_2udc _cBK |
||
| 999 |
_c64446 _d64446 |
||